000 00643nam a22002177a 4500
003 UA-OsUOA
001 102874
007 ta
008 20131007b un ||||| |||| 00| 0 ukr d
100 _aМовчун А.
090 _a82
_bМ74
942 _cSA
040 _aUA-OsUOA
_bukr
_cUA-OsUOA
_dUA-OsUOA
245 _aЮорис Грінченко у спогадах
300 _aС.31-37
955 _a0
041 _aukr
080 _a82
773 0 _w102871
_tУкраїнська мова й література в сучасній школі
_dК.
_d2013
_g8
650 7 _a82 Література. Літературознавство
_2UDC
999 _c388836
_d388836